Teología de la creación

Збережено в:
Бібліографічні деталі
Автор: Ruiz de la Peña, Juan Luis (Автор)
Формат: Книга
Мова:Іспанська
Опубліковано: Santander Sal Terrae 2012
Редагування:6a. ed
Серія:Colección Presencia Teológica, 24
Предмети:
Теги: Додати тег
Немає тегів, Будьте першим, хто поставить тег для цього запису!

MARC

LEADER 00000cam a2200000 a 4500
001 UCD2175
003 CL-VaPUC
008 160414e20120000sp |||||||||||||||||spa|d
020 |a 9788429307368 
082 0 4 |a 233.11  |b RUI  |2 21 
100 0 |a Ruiz de la Peña, Juan Luis  |e author  |9 501580 
245 1 0 |a Teología de la creación 
250 |a 6a. ed 
300 |a 279 p 
942 |c BK 
945 |d 20160414 22:20:00  |a arojas 
260 |a Santander  |b Sal Terrae  |c 2012 
650 0 |a Creación   |9 313344 
650 7 |a ENSEÑANZA BIBLICA  |2 CL-VaPUC  |9 320049 
650 0 |a Historia de las doctrinas   |9 255470 
650 7 |a HOMBRE  |2 CL-VaPUC  |9 262149 
650 0 |a Teología cristiana  |9 308336 
650 0 |a Religión y ciencia  |9 314470 
583 |a last modification  |c 20160414 22:20:00  |k Rodrigo Vera 
490 0 |a Colección Presencia Teológica, 24 
999 |c 363370  |d 363368 
952 |0 0  |1 0  |3 erb  |4 0  |6 233_110000000000000_RUI_2012  |7 0  |8 A  |9 475564  |a BIBTEO  |b BIBTEO  |i 5281334  |l 5  |o 233.11 RUI 2012  |p 5281334  |r 2025-01-17  |s 2024-11-14  |w 2019-11-24  |y BK  |z Catalogado en:20160414  |k ICR